| 000 | 02922nam0a2200349 4500 | ||
|---|---|---|---|
| 001 | RU\NLR\BIBL_A\012651790 | ||
| 005 | 20250624103201.0 | ||
| 010 |
_a978-5-9666-0251-2 _9300 |
||
| 021 |
_aRU _b2021-51291 _9КН-П-4030 |
||
| 035 | _a(NLR Aleph) 012651790 | ||
| 090 |
_a12728587 _c12728587 |
||
| 100 | _a20211126d2021 |||y0rusy50 ca | ||
| 101 | 0 | _arus | |
| 102 | _aRU | ||
| 105 | _aac z 100zy | ||
| 181 | 0 |
_ai _baxxe |
|
| 182 | 0 | _an | |
| 200 | 1 |
_aПатриотическое воспитание в современной России: государственная задача и гражданское служение _eсборник материалов форума Всероссийской организации ветеранов, посвященного Победе в Великой Отечественной войне 1941-1945 годов, г. Волгоград, 17-20 мая 2021 г. _fВсероссийская общественная организация ветеранов (пенсионеров) войны, труда, Вооруженных сил и правоохранительных органов, Волгоградская областная организация ветеранов _gсоставитель: Парыгин Сергей Николаевич _gредакционная коллегия: Дулина Надежда Васильевна, доктор социологических наук, профессор [и др.] |
|
| 203 |
_aТекст _bвизуальный _cнепосредственный |
||
| 210 |
_aВолгоград _cПанорама _d2021 |
||
| 215 |
_a335, [1] с. _d27 |
||
| 606 | 1 |
_aВоенно-патриотическое воспитание _jСъезды, совещания и т.п. _yРоссийская Федерация _92232099 _3RU\NLR\AUTH\661339694 |
|
| 686 | 1 | _aЦ4,6(2Р)910я431 | |
| 702 | 1 |
_aПарыгин _bС.Н. _gСергей Николаевич _4220 |
|
| 702 | 1 |
_4340 _aДулина _bН. В. _cд-р социол. наук, канд. филос. наук _gНадежда Васильевна _9143393 _3RU\NLR\AUTH\770143429 |
|
| 711 | 0 | 2 |
_aВсероссийская общественная организация ветеранов (пенсионеров) войны, труда, Вооруженных Сил и правоохранительных органов _bФорум _eВолгоград _f2021 _9779460 _3RU\NLR\AUTH\880556248 |
| 712 | 0 | 2 |
_4570 _aВсероссийская общественная организация ветеранов (пенсионеров) войны, труда, Вооруженных Сил и правоохранительных органов _bВолгоградская областная организация _9779472 _3RU\NLR\AUTH\880556254 |
| 942 | _cBOOK | ||
| 980 | _aNB | ||